LEADER 01421nam0-22004451i-450 001 990003363830403321 005 20180508094833.0 010 $a88-204-8014-X 035 $a000336383 035 $aFED01000336383 035 $a(Aleph)000336383FED01 035 $a000336383 100 $a20030910d1997----km-y0itay50------ba 101 1 $aita 102 $aIT 105 $ay-------001yy 200 1 $aNuove prospettive su spazio e localizzazione$eLe più recenti interpretazioni geografiche dell'economia$fPeter Dicken e Peter Lloyd$ga cura di G. Rizzo e C. Robiglio 210 $aMilano$cFranco Angeli$d1997 215 $a235 p.$d24 cm 225 1 $aGeografia e società 300 $aTrad. di Romano Gasperoni 676 $a338.6042 700 1$aDicken,$bPeter$f<1938- >$034469 701 1$aLloyd,$bPeter E.$034467 702 1$aRizzo,$bGiuseppe$f< -1997> 702 1$aRobiglio Rizzo,$bClaudia 801 0$aIT$bUNINA$gRICA$2UNIMARC 901 $aBK 912 $a990003363830403321 952 $aGEOIND2B(SR)$b9533B$fDECBC 952 $aGEOIND2C(DEP)$b11623A$fDECBC 952 $aGEOIND2A(SR)$b9533A$fDECBC 952 $aGEOIND2D$b11623B$fDECBC 952 $aGEOIND2F$b11623D$fDECBC 952 $aGEOIND2E$b11623C$fDECBC 952 $a1460 sez. Andriello$b1460$fDARPU 959 $aDECBC 959 $aDARPU 996 $aNuove prospettive su spazio e localizzazione$9443391 997 $aUNINA LEADER 01656nam0 2200325 450 001 000045073 005 20180917130053.0 100 $a20180914d1970----km-y0itaa50------ba 101 0 $aita 102 $aIT 200 1 $aMemoria illustrativa della carta della utilizzazione del suolo della Campania$efogli 14, 15, 16, 17 e 19 della Carta della utilizzazione del suolo d'Italia$fDomenico Ruocco$gcon una introduzione di Carmelo Colamonico 210 $aRoma$cConsiglio nazionale delle ricerche$d1970 215 $a182 p.$cill$d24 cm 225 2 $aMemorie regionali illustrative della carta della utilizzazione del suolo d'Italia$v9 316 $aSulla pagina precedente il frontespizio, firma autografa e data: Gioacchino Viggiani, 24 agosto 1971 410 0$12001$aMemorie regionali illustrative della carta della utilizzazione del suolo d'Italia$v9 606 1 $aEconomia agraria$yCampania 607 $aCampania$xGeografia economica 676 $a338.1$v(22. ed.)$9Produzione. Agricoltura 676 $a631.47$v(22. ed.)$9Pedologia. Rilevamenti del terreno e suo uso 700 1$aRuocco,$bDomenico$023763 702 1$aColamonico,$bCarmelo 801 0$aIT$bUniversità della Basilicata - B.I.A.$gREICAT$2unimarc 912 $a000045073 996 $aMemoria illustrativa della carta della utilizzazione del suolo della Campania$9108702 997 $aUNIBAS CAT $aSTD119$b01$c20180914$lBAS01$h1637 CAT $aTTM$b30$c20180917$lBAS01$h1300 FMT Z30 -1$lBAS01$LBAS01$mBOOK$1BASA2$APolo Tecnico-Scientifico$2FVIG$BFondo Viggiani$3FVig/42749$642749$5T42749$7Collocato presso la Scuola di Agraria$820180914$f35$FStanza riservata